Представление документа в формате RUSMARC

ПолеНазваниеЗначение
  Тип записи c
  Библиографический уровень m
001 Контрольный номер RU/УОНБ/EK_N/412518888
005 Дата корректировки 20240131002519.1
010 Индекс ISBN __
9 Тираж 500 экз.
013 Номер (ISMN) __
d Цена 1 р. 70 к.
071 Издательские номер (звукозапись и ноты) 21
a Номер, присвоенный агентством 5386
100 Данные общей обработки __
a Данные общей обработки 20130126d1970 u y0rusy0189||||ca
101 Язык документа 0_
a Язык текста rus
c Язык оригинала rus
f Язык титульного листа rus
102 Страна публикации __
a Страна публикации RU
105 Кодированные данные (монография) __
a Кодированные данные (монография) y###||||000|y
125 Кодированные данные звукозаписи и нотных изданий __
a Форма изложения нотного текста с|
128 Кодированные данные (звукозаписи-физические характеристики) __
a Кодированные данные: Музыкальная форма и тональность или лад zz
c Инструменты или голоса, рекомендуемые для солистов (устаревшее) vu||
c Инструменты или голоса, рекомендуемые для солистов (устаревшее) ka||
200 Заглавие и сведения об ответственности 1_
a Заглавие Т. 1
210 Выходные данные 1_
d Дата издания 1970
215 Физическое описание __
a Объем 112 c.
300 Общие примечания __
a Общие примечания Текст на рус., фр. и нем. яз.
327 Примечание о содержании 11
a Примечание о содержании Содерж. : Человеку в пути : вокал. цикл на сл. М. Алигер : 1. Я хочу быть твоею милой... ; 2. Мне раньше казалось... ; 3. Не лишай меня права тебя ревновать... ; 4. Я не хочу тебя встречать зимой... ; Три романса на слова Н. Бараташвили : 1. Синий цвет ; 2. Осенний ветер ; 3. Серьга ; Мой дом / сл. О. Берггольц ; Безмерный черный сон = Un grand sommeit noir... / сл. П. Верлена ; пер. В. Рамм ; Когда одна, от шума в стороне... / сл. П. Ронсара ; пер. В. Левика ; Колыбельная Сереже / сл. С. Прокофьевой ; Спокойный взор / сл. И. Бунина ; Васильки / сл. В. Демина ; Долгими ночами / сл. А. Ерикеева ; пер. Р. Сефа ; Сад молчит / сл. А. Ерикеева ; пер. М. Исаковского ; Alter ego / сл. А. Фета ; Гимн жизни = Hymnus an das Leben / сл. Лу Андреас Саломе ; пер. Ю. Стремина и Ан. Александрова ; На кресле отвалясь... / сл. А. Фета ; Рассыпающая звезда / сл. Н. Гумилева ; Да не в суд или в осужденье (Как пережить...) / сл. А. Белого ; Газель (Мы свечи...) / сл. Бехара ; пер. Л. Гумилева.
461 Уровень набора _0
1 700 1
a Александров
b Ан. Н.
g Анатолий Николаевич
1 2001
a Вокальные сочинения
b [Ноты]
e для голоса с фп.
f Ан. Александров
v Т. 1
1 2101
a М.
c Музыка
d 1970
1 001RU/УОНБ/EK_N/412518092
464 Аналитический уровень _0
1 2001
a Человеку в пути
e вокал. цикл
1 702 1
a Алигер
b М.
4 520
464 Аналитический уровень _0
1 2001
a Мне раньше казалось...
e Мне раньше казалось...
e из вокал. цикла "Человеку в пути"
1 702 1
a Алигер
b М.
4 520
1 50010
a Человеку в пути
464 Аналитический уровень _0
1 2001
a Не лишай меня права тебя ревновать...
e Не лишай меня права тебя ревновать...
e из вокал. цикла "Человеку в пути"
1 702 1
a Алигер
b М.
4 520
1 50010
a Человеку в пути
464 Аналитический уровень _0
1 2001
a Я не хочу тебя встречать зимой...
e Я не хочу тебя встречать зимой...
e из вокал. цикла "Человеку в пути"
1 702 1
a Алигер
b М.
4 520
1 50010
a Человеку в пути
464 Аналитический уровень _0
1 2001
a Синий цвет
e Цвет небесный, синий цвет...
1 702 1
a Бараташвили
b Н.
4 520
464 Аналитический уровень _0
1 2001
a Осенний ветер
e Осенний ветер у меня...
1 702 1
a Бараташвили
b Н.
4 520
464 Аналитический уровень _0
1 2001
a Мой дом
e Нет, я не знаю...
1 702 1
a Берггольц
b О.
4 520
464 Аналитический уровень _0
1 2001
a Безмерный черный сон
d Un grand sommeit noir...
1 702 1
a Верлен
b П.
4 520
1 702 1
a Рамм
b В.
4 730
464 Аналитический уровень _0
1 2001
a Когда одна, от шума в стороне...
e Когда одна, от шума в стороне...
1 702 1
a Ронсар
b П.
4 520
1 702 1
a Левик
b В.
4 730
464 Аналитический уровень _0
1 2001
a Колыбельная Сереже
e Спи, Сережа, сладко, сладко...
1 702 1
a Прокофьева
b С.
4 520
464 Аналитический уровень _0
1 2001
a Спокойный взор...
e Спокойный взор, подобный взору лани...
1 702 1
a Бунин
b И.
4 520
464 Аналитический уровень _0
1 2001
a Васильки
e И вот завяли васильки...
1 702 1
a Демин
b В.
4 520
464 Аналитический уровень _0
1 2001
a Долгими ночами
e Долгими ночами мне не спится...
1 702 1
a Ерикеев
b А.
4 520
464 Аналитический уровень _0
1 2001
a Сад молчит
e Сад молчит, уснули птицы...
1 702 1
a Ерикеев
b А.
4 520
464 Аналитический уровень _0
1 2001
a Alter ego
e Как лилея глядится в нагорный ручей...
1 702 1
a Фет
b А.
4 520
464 Аналитический уровень _0
1 2001
a Гимн жизни
d Hymnus an das Leben
e Как друга любит друг...
1 702 1
a Лу Андреас Саломе
4 520
1 702 1
a Стремин
b Ю.
1 702 1
a Александров
b Ан.
4 730
464 Аналитический уровень _0
1 2001
a На кресле отвалясь...
e На кресле отвалясь...
1 702 1
a Фет
b А.
4 520
464 Аналитический уровень _0
1 2001
a Рассыпающая звезда
e Не всегда чужда ты и горда...
1 702 1
a Гумилев
b Н.
4 520
464 Аналитический уровень _0
1 2001
a Да не в суд или в осужденье
a Как пережить...
e Как пережить и как оплакать мне...
1 702 1
a Белый
b А.
4 520
464 Аналитический уровень _0
1 2001
a Газель
a Мы свечи...
e Мы свечи... Сердце сжигает пламя...
1 702 1
a Бехар
4 520
1 702 1
a Гумилев
b Л.
4 730
464 Аналитический уровень _0
1 2001
a Я хочу быть твоею милой...
e Я хочу быть твоею милой...
e из вокал. цикла "Человеку в пути"
1 702 1
a Алигер
b М.
4 520
1 50010
a Человеку в пути
464 Аналитический уровень _0
1 2001
a Серьга
e Головку ландыша качает бабочка...
1 702 1
a Бараташвили
b Н.
4 520
606 Тематические рубрики 0_
a Основная рубрика Вокальные сочинения советских композиторов
610 Ключевые слова 0_
a Ключевые слова вокальные произведения
686 Индексы других классификаций __
a Классификационный индекс 85.94-42(2)я44
a Классификационный индекс 85.943.4-42(2)я44
2 Код системы rubbk
801 Источник записи _0
a Страна RU
b Организация Ульяновская ОНБ
c Дата составления 20130126
g Правила каталогизации RCR
801 Источник записи _1
a Страна RU
b Организация Ульяновская ОНБ
c Дата составления 20130126
g Правила каталогизации RCR
901 Тип документа __
t Тип документа n
w Контрольный № источника RU/УОНБ/EK_N/412518092
909 Создатель записи __
a Создатель записи Лобина Л. И.
938 Служебная информация __
a Имя БД noti
b Имя библиотеки УОНБ
c Имя АИБС МАРК-SQL
d Номер DOC_ID в БД 10884